000
00342nam a2200145Ia 4500
100
_a
Kelkar
650
_a
Project Management
942
_c
BK
245
_a
Information technology Project Management
260
_b
Prentice -Hall of India
_a
New Delhi
_c
2003
082
_a
003.54/KEL
_b
KEL
300
_a
581
546
_a
ENGLISH
999
_c
27956
_d
27956